000 00528nam a22001937a 4500
999 _c31594
_d31591
003 OSt
005 20190403104538.0
008 190403b ||||| |||| 00| 0 eng d
020 _a9781594521195
040 _aMMU
_beng
_cMMU
_dMMU
050 _aHG1325 .M37 2001
100 _aMaranz David E.
245 _aAfrican friends and money matters /
_cDavid E. Maranz
260 _a{S.L} :
_bOasis International,
_c2001
300 _a224 p.:
_bill.;
500 _aIncludes Index.
650 _aMoney matters
942 _2lcc
_cLOAN LOAN